Khaki in Action: (Record no. 1877)

MARC details
000 -LEADER
fixed length control field 00626nam a22002177a 4500
003 - CONTROL NUMBER IDENTIFIER
control field OSt
005 - DATE AND TIME OF LATEST TRANSACTION
control field 20260305130651.0
008 - FIXED-LENGTH DATA ELEMENTS--GENERAL INFORMATION
fixed length control field 260305b |||||||| |||| 00| 0 eng d
020 ## - INTERNATIONAL STANDARD BOOK NUMBER
International Standard Book Number 9789355622471
040 ## - CATALOGING SOURCE
Language of cataloging English
Transcribing agency Central Library IIT Goa
082 ## - DEWEY DECIMAL CLASSIFICATION NUMBER
Classification number 363.2092
Item number SIN
100 ## - MAIN ENTRY--PERSONAL NAME
Personal name Singh, O. P.
9 (RLIN) 3687
245 ## - TITLE STATEMENT
Title Khaki in Action:
Remainder of title Ansune Case Files /
Statement of responsibility, etc. O. P. Singh
260 ## - PUBLICATION, DISTRIBUTION, ETC.
Place of publication, distribution, etc. New Delhi :
Name of publisher, distributor, etc. Prabhat Prakashan Pvt. Ltd. ,
Date of publication, distribution, etc. 2025
300 ## - PHYSICAL DESCRIPTION
Extent 240p.
650 ## - SUBJECT ADDED ENTRY--TOPICAL TERM
Topical term or geographic name entry element Hindi
9 (RLIN) 2694
650 ## - SUBJECT ADDED ENTRY--TOPICAL TERM
Topical term or geographic name entry element Biography of Police Officer
9 (RLIN) 3688
650 ## - SUBJECT ADDED ENTRY--TOPICAL TERM
Topical term or geographic name entry element Police
9 (RLIN) 3689
650 ## - SUBJECT ADDED ENTRY--TOPICAL TERM
Topical term or geographic name entry element Police Administration
9 (RLIN) 3690
942 ## - ADDED ENTRY ELEMENTS (KOHA)
Source of classification or shelving scheme Dewey Decimal Classification
Koha item type Books
Holdings
Withdrawn status Lost status Source of classification or shelving scheme Damaged status Not for loan Collection code Home library Current library Shelving location Date acquired Source of acquisition Cost, normal purchase price Total Checkouts Full call number Barcode Date last seen Copy number Cost, replacement price Price effective from Koha item type Public note
    Dewey Decimal Classification     Hindi IIT Goa Central Library IIT Goa Central Library Fiction 2026-03-05 Shankar's Book Agency Pvt. Ltd. 500.00   363.2092 SIN 4622 2026-03-05 1 500.00 2026-03-05 Books IN36834/25-26||07-02-2026||25.00%